Países oceánicos más adivinados en JetPunk - Estadísticas

Estadísticas generales
  • Esta prueba ha sido intentada 51 veces
    43 desde el último reinicio
  • La puntuación promedio es 4 de 5
Estadísticas de respuestas
% País % Correcto
90% Australia
100%
74% Nueva Zelanda
100%
35% Fiyi
83%
33% Estados Federados de Micronesia
80%
46% Papúa Nueva Guinea
80%
No se encontraron pruebas coincidentes
Distribución de puntuación
Porcentaje de gente con cada puntuación
Porcentaje por número respondido
Historial de tus puntuaciones
No has intentado esta prueba desde el último reinicio